| 000 -LEADER |
| fixed length control field |
00746nam a2200205Ia 4500 |
| 001 - CONTROL NUMBER |
| control field |
13573 |
| 003 - CONTROL NUMBER IDENTIFIER |
| control field |
GE_BSU |
| 008 - FIXED-LENGTH DATA ELEMENTS--GENERAL INFORMATION |
| fixed length control field |
181216s||||||||xx |||||||||||||| ||und|| |
| 040 ## - CATALOGING SOURCE |
| Transcribing agency |
GE_BSU |
| 080 ## - UNIVERSAL DECIMAL CLASSIFICATION NUMBER |
| Universal Decimal Classification number |
621.892.09/621.893 |
| 245 ## - TITLE STATEMENT |
| Title |
Моторные и редактивные масла и жидкости. |
| 245 ## - TITLE STATEMENT |
| Statement of responsibility, etc. |
Под ред. К.К.Папок, Е.Г.Семенидо. Ред.: А.Н.Джорджи, Е.С.Левина, Б.Ф.Тицкая. |
| 250 ## - EDITION STATEMENT |
| Edition statement |
четвертое переработанное и дополненное. |
| 260 ## - PUBLICATION, DISTRIBUTION, ETC. |
| Place of publication, distribution, etc. |
М. |
| 260 ## - PUBLICATION, DISTRIBUTION, ETC. |
| Name of publisher, distributor, etc. |
Химия. |
| 260 ## - PUBLICATION, DISTRIBUTION, ETC. |
| Date of publication, distribution, etc. |
1963. |
| 300 ## - PHYSICAL DESCRIPTION |
| Extent |
533 стр. 22см. |
| 653 ## - INDEX TERM--UNCONTROLLED |
| Uncontrolled term |
Моторные и редактивные масла и жидкости. |
| 942 ## - ADDED ENTRY ELEMENTS (KOHA) |
| Koha item type |
წიგნი |